000 00521nam a2200169Ia 4500
008 090711s9999 xx 000 0 und d
082 _b44168
100 _aटिळक ज. श्री.
245 _aअशी ही दिल्ली भा.2
260 _c1981
300 _a503
600 _aटिळक ज. श्री.
630 _aअशी ही दिल्ली भा.2
700 _aटिळक ज. श्री.
730 _aअशी ही दिल्ली भा.2
942 _cBOOK
999 _c293832
_d293832